<The> Length and Width of Combinatorial Optimization Problems
Guardado en:
| Autor principal: | |
|---|---|
| Formato: | Libro |
| Lenguaje: | inglés |
| Publicado: |
Bonn
Rheinische Friedrich-Wilhelms-Universität
1995
|
| Edición: | 1. ed. |
| Colección: | Report
No. 95847 |
| Materias: | |
| Etiquetas: |
Sin Etiquetas, Sea el primero en etiquetar este registro!
|
MARC
| LEADER | 00000nam a2200000 4500 | ||
|---|---|---|---|
| 001 | c020930 | ||
| 005 | 20221221080241.4 | ||
| 041 | 0 | |a eng | |
| 044 | |a DE | ||
| 245 | 1 | 0 | |a <The> Length and Width of Combinatorial Optimization Problems |c T.C. Hu |
| 250 | |a 1. ed. | ||
| 264 | 1 | |a Bonn |b Rheinische Friedrich-Wilhelms-Universität |c 1995 | |
| 300 | |a 3 s. | ||
| 490 | 1 | |a Report |v No. 95847 | |
| 830 | 0 | |a Report |v No. 95847 | |
| 610 | 2 | 0 | |a matematika |
| 610 | 2 | 0 | |a modely matematické |
| 610 | 2 | 0 | |a výskum operačný |
| 610 | 2 | 0 | |a optimalizácia |
| 100 | 1 | |a Hu, T.C. | |